| 000 | nam a22 7a 4500 | ||
|---|---|---|---|
| 999 |
_c342229 _d342229 |
||
| 003 | NUST | ||
| 005 | 20171214093518.0 | ||
| 008 | 171214b xxu||||| |||| 00| 0 eng d | ||
| 020 | _a9789699110122 | ||
| 040 | _cNUST | ||
| 082 |
_a297.227 _bGUL |
||
| 100 |
_aGulen, Muḥammad Fateḥullah. _97247 |
||
| 245 |
_aTaqdīr: kitāb-o-sunnat kī roshnī meiṉ / _c Muḥammad Fateḥullah Gulen, tarjumah Muḥammad K̲hālid Yusaf. |
||
| 260 |
_aIslamabad: _bHarmony, _c2009 |
||
| 300 | _a162 pages | ||
| 650 |
_aReligion- Islam _97248 |
||
| 650 |
_aPredestination _97249 |
||
| 880 |
_6100-01\(3\r _aگولن, محمد فتح اللہ |
||
| 880 |
_6245-02\(3\r _aتقدیر کتاب و سنت کی روشنی میں _cمحمد فتح اللہ گولن |
||
| 880 |
_6260-03\(3\r _aاسلام آباد : ، _bہارمونی پبلی کیشنز، _c ٢٠٠٩ |
||
| 942 |
_2ddc _cBK |
||